000 00511cam a2200169 a 4500
020 _a0072282495 (acidfree paper)
020 _a0815102925 (CDROM)
040 _cDLC
082 0 0 _a520 MCG 2000 A031 Or.
100 1 _aArny, Thomas.
245 1 0 _aExplorations :
_ban introduction to astronomy /
250 _a2nd ed. 2000 update.
260 _aBoston :
_bMcGraw-Hill,
_cc2000.
300 _axxv, 575 p. :
_bcol. ill. ;
_c29 cm. +
_e1 computer laser optical disc (4 3/4 in.)
650 0 _aAstronomy.
942 _cEK
999 _c11903
_d11903